| 000 | 00693nam a2200265Ia 4500 | ||
|---|---|---|---|
| 005 | 20260121165758.0 | ||
| 008 | 008 260114s9999 xx 000 0 eng d | ||
| 020 | _a9783319154251 | ||
| 037 | _aEBOOK | ||
| 040 | _aCRL | ||
| 040 | _beng | ||
| 040 | _cCRL | ||
| 041 | _2eng | ||
| 041 | _aeng | ||
| 084 | _qCRL | ||
| 100 |
_aDirk Ifenthaler, Nicole Bellin-Mularski, Dana-Kristin Mah _91055928 |
||
| 245 | 0 | _aFoundation of Digital Badges and Micro-Credentials | |
| 260 | _bSpringer | ||
| 260 | _bSpringer | ||
| 260 | _c2016 | ||
| 856 | _uhttps://link.springer.com/openurl?genre=book&isbn=978-3-319-15425-1 | ||
| 942 | _cEBOOK | ||
| 999 |
_c1621656 _d1621656 |
||